|
|
|
|
| LEADER |
02052nam a22004215i 4500 |
| 001 |
978-3-642-12572-0 |
| 003 |
DE-He213 |
| 005 |
20151204150038.0 |
| 007 |
cr nn 008mamaa |
| 008 |
110215s2011 gw | s |||| 0|eng d |
| 020 |
|
|
|a 9783642125720
|9 978-3-642-12572-0
|
| 024 |
7 |
|
|a 10.1007/978-3-642-12572-0
|2 doi
|
| 040 |
|
|
|d GrThAP
|
| 050 |
|
4 |
|a QE351-399.2
|
| 072 |
|
7 |
|a PNV
|2 bicssc
|
| 072 |
|
7 |
|a SCI048000
|2 bisacsh
|
| 082 |
0 |
4 |
|a 549
|2 23
|
| 100 |
1 |
|
|a Tappert, Ralf.
|e author.
|
| 245 |
1 |
0 |
|a Diamonds in Nature
|h [electronic resource] :
|b A Guide to Rough Diamonds /
|c by Ralf Tappert, Michelle C. Tappert.
|
| 264 |
|
1 |
|a Berlin, Heidelberg :
|b Springer Berlin Heidelberg,
|c 2011.
|
| 300 |
|
|
|a IX, 142 p. 150 illus., 111 illus. in color.
|b online resource.
|
| 336 |
|
|
|a text
|b txt
|2 rdacontent
|
| 337 |
|
|
|a computer
|b c
|2 rdamedia
|
| 338 |
|
|
|a online resource
|b cr
|2 rdacarrier
|
| 347 |
|
|
|a text file
|b PDF
|2 rda
|
| 505 |
0 |
|
|a 1. The origin of diamonds -- 2. The morphologies and shapes of diamonds -- 3. The colors of diamonds -- 4. The surface texture of diamonds -- 5. Inclusions in diamonds and their geological meaning.
|
| 520 |
|
|
|a Diamonds in Nature: A Guide to Rough Diamonds illustrates and explains the unique properties of natural diamonds, such as their crystal shapes, colors, surface textures, and mineral inclusions. It also contains up-to-date information about the origin and scientific significance of diamonds. With more than 200 high-quality photographs and drawings, it is an invaluable reference for the professional geoscientist and anyone with an interest in diamonds.
|
| 650 |
|
0 |
|a Earth sciences.
|
| 650 |
|
0 |
|a Mineralogy.
|
| 650 |
1 |
4 |
|a Earth Sciences.
|
| 650 |
2 |
4 |
|a Mineralogy.
|
| 700 |
1 |
|
|a Tappert, Michelle C.
|e author.
|
| 710 |
2 |
|
|a SpringerLink (Online service)
|
| 773 |
0 |
|
|t Springer eBooks
|
| 776 |
0 |
8 |
|i Printed edition:
|z 9783642125713
|
| 856 |
4 |
0 |
|u http://dx.doi.org/10.1007/978-3-642-12572-0
|z Full Text via HEAL-Link
|
| 912 |
|
|
|a ZDB-2-EES
|
| 950 |
|
|
|a Earth and Environmental Science (Springer-11646)
|